=LDR 00000nam 2200000 4500 =001 INLIS000000000033765 =005 20130612135713 =008 ***********************************ind** =035 ##$$0010-061300000033765 =041 ##$$a ind =082 ##$$a 371.384 =090 ##$$a 371.384, Mul s =100 ##$$a MULYONO =245 ##$$a Smart Games For Outbond training : 100 Jenis Permainan Mencerdaskan Menyenangkan / Mulyono dan Badiatul Muchlisin Asti ; editor, Nurul Khotimah =260 ##$$a 2009 $b Yogyakarta =300 ##$$a 221 hlm, Illus, 21 cm =650 ##$$a Metode Balajar Outbond =700 ##$$a Asti, Badiatul Muchlisin =850 ##$$a NBPNMAT =990 ##$$a 0001/BPAP-NTB/20142015 =990 ##$$a 0001/BPAP-NTB/2016 =990 ##$$a 1049510495 =990 ##$$a 21005102 =990 ##$$a 0001/BPAP-NTB/20142015 =990 ##$$a 0001/BPAP-NTB/2016